Theoretical Chemistry: an introduction to Quantum Mechanics, Statistical Mechanics, and Molecular Spectra for Chemists

Tallennettuna:
Bibliografiset tiedot
Päätekijä: Glasstone, Samuel (Tekijä)
Aineistotyyppi: Kirja
Kieli:englanti
Julkaistu: Princeton D. van Nostrand 1944
Painos:13a. ed
Aiheet:
Tagit: Lisää tagi
Ei tageja, Lisää ensimmäinen tagi!

MARC

LEADER 00000nam a2200000 a 4500
001 UCH1702
003 CL-VaPUC
008 090507e19440000us |||||||||||||||||eng|d
082 0 4 |a 541.28  |b GLA  |2 21 
100 |a Glasstone, Samuel  |e author  |9 536176 
245 1 0 |a Theoretical Chemistry: an introduction to Quantum Mechanics, Statistical Mechanics, and Molecular Spectra for Chemists 
250 |a 13a. ed 
300 |a 515 p 
942 |c BK 
945 |d 20090507 00:00:00  |a dcastane 
260 |a Princeton  |b D. van Nostrand  |c 1944 
650 7 |a QUIMICA CUANTICA  |2 CL-VaPUC  |9 536177 
650 0 |a Teoría cuántica  |9 266148 
650 7 |a FISICO QUIMICA  |2 CL-VaPUC  |9 536178 
650 0 |a Mecánica cuántica  |9 306806 
650 0 |a Termodinámica   |9 259320 
583 |a last modification  |c 20150504 03:28:05  |k Rodrigo Vera 
999 |c 333617  |d 333615 
952 |0 0  |1 0  |4 0  |6 541_280000000000000_GLA_1944  |7 0  |8 A  |9 422149  |a BIBCUR  |b BIBCUR  |d 2019-11-22  |i 4536177  |o 541.28 GLA 1944  |p 4536177  |r 2025-04-22  |w 2019-11-22  |y BK  |k FIS